Welcome to the Holygrace Academy Library

Please use search bar below to get started

A MOUSEFORD MUSICAL (Record no. 6201)

MARC details
000 -LEADER
fixed length control field 00644nam a22001457a 4500
020 ## - INTERNATIONAL STANDARD BOOK NUMBER
ISBN 9788-9-351-03687-6
082 ## - DEWEY DECIMAL CLASSIFICATION NUMBER
Classification number 823
Item number STI/M
100 ## - MAIN ENTRY--AUTHOR NAME
Personal name STILTON, THEA
245 ## - TITLE STATEMENT
Title A MOUSEFORD MUSICAL
Remainder of title HOUSEFORD ACADEMY
260 ## - PUBLICATION, DISTRIBUTION, ETC. (IMPRINT)
Place of publication NEW YORK
Name of publisher SCHOLASTIC INC
Year of publication 2015
300 ## - PHYSICAL DESCRIPTION
Number of Pages 105
520 ## - SUMMARY, ETC.
Summary, etc There's going to be a musical at Mouseford, and the students can't stop squeaking about it! Everyone wants a role, but the auditions won't be easy, and sneaky Ruby Flashyfur has some tricks up her sleeve. Will the Thea Sisters come out on top, or will they be singing a different tune when the auditions are over?
650 ## - SUBJECT ADDED ENTRY--TOPICAL TERM
Topical Term SHORT STORY
942 ## - ADDED ENTRY ELEMENTS (KOHA)
Koha item type Books
Holdings
Withdrawn status Lost status Collection code Home library Current library Shelving location Date acquired Source of acquisition Cost, normal purchase price Full call number Accession Number Koha item type
    Fiction Main Library Main Library SHELF 4-I GERONIMO STILTON 27/10/2017 Purchase 295.00 823 STI/M 10115 Books